موسوعة الام و الطفل / (Record no. 133019)

MARC details
000 -LEADER
fixed length control field 00548nam a22001817a 4500
005 - DATE AND TIME OF LATEST TRANSACTION
control field 20251108175405.0
008 - FIXED-LENGTH DATA ELEMENTS--GENERAL INFORMATION
fixed length control field 250721s2011 xx 000 0 ara d
082 14 - DEWEY DECIMAL CLASSIFICATION NUMBER
Classification number م/649.1/مال
100 1# - MAIN ENTRY--PERSONAL NAME
Personal name مالتينى، بريزيت
245 10 - TITLE STATEMENT
Title موسوعة الام و الطفل /
264 1# - PRODUCTION, PUBLICATION, DISTRIBUTION, MANUFACTURE, AND COPYRIGHT NOTICE
Place of production, publication, distribution, manufacture العتبة :
Name of producer, publisher, distributor, manufacturer دار الخلود،
Date of production, publication, distribution, manufacture, or copyright notice 2011.
300 ## - PHYSICAL DESCRIPTION
Extent 640 ص.
650 17 - SUBJECT ADDED ENTRY--TOPICAL TERM
Topical term or geographic name as entry element الرعاية قبل الولادة
650 17 - SUBJECT ADDED ENTRY--TOPICAL TERM
Topical term or geographic name as entry element رعاية الطفولة
700 1# - ADDED ENTRY--PERSONAL NAME
Personal name سمير، خلود
Relator term مترجم
942 ## - ADDED ENTRY ELEMENTS (KOHA)
Source of classification or shelving scheme Dewey Decimal Classification
Koha item type References
Holdings
حالة السحب حالة الفقدان مصدر التصنيف حالة التلف غير قابل للإعارة المكتبة الرئيسية المكتبة الحالية موقع الرف تاريخ التزويد الرقم المتسلسل Total Checkouts رقم الإستدعاء الباركود تاريخ آخر ظهور تاريخ الفاتورة نوع المادة (كوها)
    Dewey Decimal Classification   Not For Loan المكتبة المركزية المكتبة المركزية مراجع 28/07/2025 1615491   م/649.1/مال PLD00355314 28/07/2025 28/07/2025 References
    Dewey Decimal Classification   Not For Loan المكتبة المركزية المكتبة المركزية مراجع 24/10/2015 1616010   م/649.1/مال PLD00359016 28/07/2025 24/10/2015 References
    Dewey Decimal Classification   Not For Loan مكتبة أم قصير والمقابلين العامة مكتبة أم قصير والمقابلين العامة مراجع 24/10/2015 1615492   م/649.1/مال PLD00359015 28/07/2025 24/10/2015 References
    Dewey Decimal Classification   Not For Loan مكتبة الأميرة ايمان العامة مكتبة الأميرة ايمان العامة مراجع 24/10/2015 1616011   م/649.1/مال PLD00359017 28/07/2025 24/10/2015 References
Implemented & Customized by: BBB with SCIT (Smart Chains for Information Technology)

Powered by Koha